Transformations de Sonic - Statistiques

Statistiques générales
  • Ce quiz a été pris 163 fois
  • Le résultat moyen est 5 sur 10
Statistiques - réponses
Par images Réponse % Correct
Super Sonic
100%
Hyper Sonic
86%
Dark Sonic
77%
Excalibur-Sonic
48%
Super Sonic 2
48%
Ultra Sonic
48%
Darkspine Sonic
46%
Hérisson-garou
39%
Sonic Prismatique
21%
Cyber Super Sonic
18%
Aucun quiz correspondant
Distribution des résultats
% des personnes avec chaque résultat
Percentile par nombre de réponses
Votre historique - résultats
Vous n’avez pas pris ce quiz